Baseball in April and other stories / (Record no. 3656)

MARC details
000 -LEADER
fixed length control field 00717nam a22002417a 4500
001 - CONTROL NUMBER
control field 3656
003 - CONTROL NUMBER IDENTIFIER
control field FISKH
005 - DATE AND TIME OF LATEST TRANSACTION
control field 20240403113516.0
008 - FIXED-LENGTH DATA ELEMENTS--GENERAL INFORMATION
fixed length control field 240403b cb ||||| |||| 00| 0 eng d
040 ## - CATALOGING SOURCE
Original cataloging agency FISK
Language of cataloging eng
Transcribing agency FISK
Modifying agency FISK
050 ## - LIBRARY OF CONGRESS CALL NUMBER
Classification number PZ7.S7242
082 ## - DEWEY DECIMAL CLASSIFICATION NUMBER
Classification number 813
100 ## - MAIN ENTRY--PERSONAL NAME
Personal name Soto Gary
Dates associated with a name 1952-
245 ## - TITLE STATEMENT
Title Baseball in April and other stories /
Statement of responsibility, etc. Gary Soto
260 ## - PUBLICATION, DISTRIBUTION, ETC.
Place of publication, distribution, etc. Florida :
Name of publisher, distributor, etc. Gary Soto,
Date of publication, distribution, etc. 1990
300 ## - PHYSICAL DESCRIPTION
Extent 111 pages :
Dimensions 20 cm
505 ## - FORMATTED CONTENTS NOTE
Formatted contents note O
520 ## - SUMMARY, ETC.
Summary, etc. A collection of eleven short stories focusing on the everyday adventures of Hispanic young people growing up in Fresno, California.
521 8# - TARGET AUDIENCE NOTE
Target audience note 830
Source Lexile
700 ## - ADDED ENTRY--PERSONAL NAME
Personal name Gary Soto
942 ## - ADDED ENTRY ELEMENTS (KOHA)
Source of classification or shelving scheme Dewey Decimal Classification
Koha item type Books
Suppress in OPAC No
Holdings
Withdrawn status Lost status Source of classification or shelving scheme Damaged status Not for loan Collection Home library Current library Shelving location Date acquired Total Checkouts Full call number Barcode Date last seen Copy number Price effective from Koha item type
    Dewey Decimal Classification     Fiction Footprints International School Library Network Toul Kork Campus Footprints International School Library Network Toul Kork Campus TTP Secondary Fiction Bookshelves 04/03/2024   SOT PZ7.S7242 813 2024-0455 04/03/2024 1 04/03/2024 Books